000 00664nam a2200181Ia 4500
008 100921s9999 xx 000 0 und d
082 _b4239
_a891.463 थ 73
100 _aशहा रतनलाल.
245 _aशेवटी सांगतेय मी.
260 _bवसुंधरा प्रकाशन सहकारी संस्था,पुणे.
_c1973
300 _a96
_b---
365 _b4
520 _aललित-कादंबरी.
630 _aशेवटी सांगतेय मी.
650 _aललित-कादंबरी.
730 _aशेवटी सांगतेय मी.
942 _cBOOK
999 _c753352
_d753349